Hán Sở tranh hùng : Tây Hán chí ( có lời bàn )
Đã lưu trong:
| Formáid: | Leabhar |
|---|---|
| Teanga: | Undetermined |
| Foilsithe: |
Đà Nẵng
Nhà xuất bản Đà Nẵng
2010
|
| Ábhair: | |
| Clibeanna: |
Cuir Clib Leis
Gan Chlibeanna, Bí ar an gcéad duine leis an taifead seo a chlibeáil!
|
| Thư viện lưu trữ: | Trung tâm Học liệu Trường Đại học Cần Thơ |
|---|
| LEADER | 00676nam a2200193Ia 4500 | ||
|---|---|---|---|
| 001 | CTU_167126 | ||
| 008 | 210402s9999 xx 000 0 und d | ||
| 020 | |c 120000 | ||
| 082 | |a 895.13081 | ||
| 082 | |b H105 | ||
| 245 | 0 | |a Hán Sở tranh hùng : | |
| 245 | 0 | |b Tây Hán chí ( có lời bàn ) | |
| 245 | 0 | |c Mộng Bình Sơn ( dịch ) | |
| 260 | |a Đà Nẵng | ||
| 260 | |b Nhà xuất bản Đà Nẵng | ||
| 260 | |c 2010 | ||
| 650 | |a Chinese literature,Historical fiction, chinese,Văn học Trung Quốc,Tiểu thuyết lịch sử Trung Quốc | ||
| 904 | |i Trinh,Qhieu | ||
| 980 | |a Trung tâm Học liệu Trường Đại học Cần Thơ | ||